| 000 | 00583nam a2200205Ia 4500 | ||
|---|---|---|---|
| 999 |
_c2266 _d2266 |
||
| 020 | _a81-7029-830-x | ||
| 082 | _a004.678 COL-; | ||
| 100 | _aColeman, Pat | ||
| 245 | 0 | _aMastering intranets: the windows 95/NT edition | |
| 260 |
_aNew Delhi _bBPB Publications _c1997 |
||
| 300 | _axxxv, 793p. | ||
| 650 | _aIntranets (Computer networks) - Study and teaching | ||
| 650 | _aWindows (Computer programs) | ||
| 650 | _aWindows 95 | ||
| 650 | _aComputer networks | ||
| 650 | _aComputer programs | ||
| 650 | _aOperating systems (Computers) | ||
| 700 | _aDyson, Peter | ||
| 942 | _cBK | ||